000 00790nam a2200265 a 4500
001 12713
003 BD-JhCC
005 20230508200053.0
008 010718s20212021xna 000 1 eng d
020 _a9788172235154
035 _a(BD-JhCC)12713
040 _aANL
_beng
_dANL
_dNRYD
_dNRAND
_dBD-JhCC
_cBD-JhCC
041 1 _aeng
_hpor
042 _aanuc
082 0 4 _a869.342
_221
_bCOE 2021
100 1 _aCoelho, Paulo.
245 1 4 _aThe devil and Miss Prym /
_cPaulo Coelho ; translated by Amanda Hopkinson and Nick Caistor.
260 _aPymble, N.S.W. :
_bHarperCollins,
_c2021.
300 _aix, 172 p. ;
_c24 cm.
546 _aTranslated from the Portuguese.
650 0 _aGood and evil
_vFiction.
700 1 _aCaistor, Nick.
700 1 _aHopkinson, Amanda.
942 _2ddc
_cBK
999 _c12713
_d12713